Demanda y oferta de educación básica de adultos y formación técnico profesional para la población egresada del programa de alfabetización siembra para personas jóvenes y adultas (Record no. 8490)

MARC details
000 -LEADER
campo de control de longitud fija 00537nam a2200145Ia 4500
001 - NÚMERO DE CONTROL
campo de control 3729
008 - DATOS DE LONGITUD FIJA--INFORMACIÓN GENERAL
campo de control de longitud fija 241024s9999 xx 000 0 und d
020 ## - NÚMERO INTERNACIONAL ESTÁNDAR DEL LIBRO
Número Internacional Estándar del Libro 978-9945-89-0-4
082 ## - NÚMERO DE LA CLASIFICACIÓN DECIMAL DEWEY
Número de clasificación RD/374.0715/F633d
100 ## - ENTRADA PRINCIPAL--NOMBRE DE PERSONA
Nombre de persona Basilo Florentino Morillo
245 #0 - MENCIÓN DEL TÍTULO
Título Demanda y oferta de educación básica de adultos y formación técnico profesional para la población egresada del programa de alfabetización siembra para personas jóvenes y adultas
260 ## - PUBLICACIÓN, DISTRIBUCIÓN, ETC.
Nombre del editor, distribuidor, etc. Fundación Sur Futuro
Fecha de publicación, distribución, etc. 2013
901 ## - ELEMENTOS DE DATOS A LOCAL LDA (RLIN)
a 13/3/2014 12:17:51 p.m.

No items available.

© 2024. Todos los Derechos Reservados. Desarrollado por IDEICE